000 00538nam a2200205Ia 4500
005 20250508170317.0
008 008 250505s9999 xx 000 0 hin d
020 _a81-237-1817-9
037 _aTextBook
040 _aFEDL
_beng
_cFEDL
041 _ahin
_2eng
084 _a372, KRI
_qFEDL
100 _akrishan Kumar
245 0 _aBachche ki bhasha aur adhyapak
260 _aNew Delhi, India
_bNational Book Trust
_c2000
300 _a68p
365 _aINR
_b25
942 _cTB
_h372, KRI
999 _c1400339
_d1400339